<?xml version="1.0" encoding="UTF-8"?>
<record
    xmlns:xsi="http://www.w3.org/2001/XMLSchema-instance"
    xsi:schemaLocation="http://www.loc.gov/MARC21/slim http://www.loc.gov/standards/marcxml/schema/MARC21slim.xsd"
    xmlns="http://www.loc.gov/MARC21/slim">

  <leader>01000nam a2200241Ia 4500</leader>
  <datafield tag="952" ind1=" " ind2=" ">
    <subfield code="0">0</subfield>
    <subfield code="1">0</subfield>
    <subfield code="2">lcc</subfield>
    <subfield code="4">0</subfield>
    <subfield code="7">0</subfield>
    <subfield code="a">01</subfield>
    <subfield code="b">01</subfield>
    <subfield code="d">2022-09-20</subfield>
    <subfield code="l">0</subfield>
    <subfield code="o">B53 M39 1999</subfield>
    <subfield code="p">16 001772</subfield>
    <subfield code="r">2024-09-14</subfield>
    <subfield code="t">1</subfield>
    <subfield code="w">2022-09-20</subfield>
    <subfield code="y">LB</subfield>
  </datafield>
  <datafield tag="952" ind1=" " ind2=" ">
    <subfield code="0">0</subfield>
    <subfield code="1">0</subfield>
    <subfield code="2">lcc</subfield>
    <subfield code="4">0</subfield>
    <subfield code="7">0</subfield>
    <subfield code="a">01</subfield>
    <subfield code="b">01</subfield>
    <subfield code="d">2022-09-20</subfield>
    <subfield code="l">0</subfield>
    <subfield code="o">B53 M39 1997</subfield>
    <subfield code="p">16 001773</subfield>
    <subfield code="r">2023-07-12</subfield>
    <subfield code="t">2</subfield>
    <subfield code="w">2022-09-20</subfield>
    <subfield code="y">LB</subfield>
  </datafield>
  <datafield tag="952" ind1=" " ind2=" ">
    <subfield code="0">0</subfield>
    <subfield code="1">0</subfield>
    <subfield code="2">lcc</subfield>
    <subfield code="4">0</subfield>
    <subfield code="7">0</subfield>
    <subfield code="a">01</subfield>
    <subfield code="b">01</subfield>
    <subfield code="d">2022-09-20</subfield>
    <subfield code="l">0</subfield>
    <subfield code="o">B53 M39 1997</subfield>
    <subfield code="p">16 001774</subfield>
    <subfield code="r">2023-07-12</subfield>
    <subfield code="t">3</subfield>
    <subfield code="w">2022-09-20</subfield>
    <subfield code="y">LB</subfield>
  </datafield>
  <datafield tag="952" ind1=" " ind2=" ">
    <subfield code="0">0</subfield>
    <subfield code="1">0</subfield>
    <subfield code="2">lcc</subfield>
    <subfield code="4">0</subfield>
    <subfield code="7">0</subfield>
    <subfield code="a">01</subfield>
    <subfield code="b">01</subfield>
    <subfield code="d">2022-09-20</subfield>
    <subfield code="l">0</subfield>
    <subfield code="o">B53 M39 1997</subfield>
    <subfield code="p">16 001775</subfield>
    <subfield code="r">2023-07-12</subfield>
    <subfield code="t">4</subfield>
    <subfield code="w">2022-09-20</subfield>
    <subfield code="y">LB</subfield>
  </datafield>
  <datafield tag="952" ind1=" " ind2=" ">
    <subfield code="0">0</subfield>
    <subfield code="1">0</subfield>
    <subfield code="2">lcc</subfield>
    <subfield code="4">0</subfield>
    <subfield code="7">0</subfield>
    <subfield code="a">01</subfield>
    <subfield code="b">01</subfield>
    <subfield code="d">2022-09-20</subfield>
    <subfield code="l">0</subfield>
    <subfield code="o">B53 M39 1997</subfield>
    <subfield code="p">16 001776</subfield>
    <subfield code="r">2023-07-12</subfield>
    <subfield code="t">5</subfield>
    <subfield code="w">2022-09-20</subfield>
    <subfield code="y">LB</subfield>
  </datafield>
  <datafield tag="999" ind1=" " ind2=" ">
    <subfield code="c">89439</subfield>
    <subfield code="d">89439</subfield>
  </datafield>
  <controlfield tag="008">120626s1997    mx            000 0 spa d</controlfield>
  <datafield tag="020" ind1=" " ind2=" ">
    <subfield code="a">9706380450</subfield>
  </datafield>
  <datafield tag="050" ind1=" " ind2=" ">
    <subfield code="a">B53 M39 1997</subfield>
  </datafield>
  <datafield tag="100" ind1=" " ind2=" ">
    <subfield code="a">M&#xE9;ndez Gonz&#xE1;lez, Luz del Carmen</subfield>
    <subfield code="e">autora</subfield>
  </datafield>
  <datafield tag="245" ind1=" " ind2=" ">
    <subfield code="a">Filosof&#xED;a </subfield>
    <subfield code="c">/ Luz del Carmen M&#xE9;ndez Gonz&#xE1;lez, Hilda Vel&#xE1;squez Barrag&#xE1;n, Leonor P&#xE9;rez Nowaihed</subfield>
  </datafield>
  <datafield tag="250" ind1=" " ind2=" ">
    <subfield code="a">4a. ed.</subfield>
  </datafield>
  <datafield tag="260" ind1=" " ind2=" ">
    <subfield code="a">M&#xE9;xico </subfield>
    <subfield code="b">: Nueva Im&#xE1;gen</subfield>
    <subfield code="c">1997</subfield>
  </datafield>
  <datafield tag="300" ind1=" " ind2=" ">
    <subfield code="a">184 p&#xE1;ginas </subfield>
    <subfield code="b">: ilustraciones</subfield>
  </datafield>
  <datafield tag="490" ind1=" " ind2=" ">
    <subfield code="x">9706380450</subfield>
  </datafield>
  <datafield tag="500" ind1=" " ind2=" ">
    <subfield code="a">Incluye: &#xED;ndice, bibliograf&#xED;a.
Reimpresiones: El ej. 1 ed 15a. reimp. del 2004 ; los ej. 2, 3 y 4 son reimp. del 2005.</subfield>
  </datafield>
  <datafield tag="505" ind1=" " ind2=" ">
    <subfield code="a">I. Introducci&#xF3;n a la filosof&#xED;a.
II. Desarrollo hist&#xF3;rico de la Filosof&#xED;a.
III. Filosof&#xED;a Latinoamericana.
IV. &#xC9;tica.</subfield>
  </datafield>
  <datafield tag="519" ind1=" " ind2=" ">
    <subfield code="a">Complementario /</subfield>
    <subfield code="d">16 001772</subfield>
  </datafield>
  <datafield tag="650" ind1=" " ind2="0">
    <subfield code="a">FILOSOF&#xCD;A</subfield>
    <subfield code="x">HISTORIA</subfield>
    <subfield code="v">NOVELA</subfield>
  </datafield>
  <datafield tag="650" ind1=" " ind2=" ">
    <subfield code="a">FILOSOFOS.</subfield>
  </datafield>
  <datafield tag="700" ind1=" " ind2=" ">
    <subfield code="a">Vel&#xE1;squez Barrag&#xE1;n, Hilda</subfield>
    <subfield code="e">autora</subfield>
  </datafield>
  <datafield tag="700" ind1=" " ind2=" ">
    <subfield code="a">P&#xE9;rez Nowaihed, Leonor</subfield>
    <subfield code="e">autora</subfield>
  </datafield>
  <datafield tag="942" ind1=" " ind2=" ">
    <subfield code="2">lcc</subfield>
    <subfield code="c">LB</subfield>
  </datafield>
</record>
